000 00719cam a22002411 4500
001 0000005156
005 20170406120414.0
008 830505s1960 enka 000 0 eng
010 _a 61003718
015 _aGB60-9570
035 _9(DLC) 61003718
035 _a(OCoLC)9483263
040 _aDLC
_cMdU-H
_dUk
_dDLC
042 _aemarc=LC PreMARC Retrospective Conversion Project
050 0 0 _aRC460
_b.H4
082 0 _a362.3
100 2 _aHeaton-Ward, W. Alan
_q(William Alan)
245 1 0 _aMental subnormality :
_bsubnormality and severe subnormality.
260 _aBristol [Eng.] :
_bJ. Wright,
_c1960.
300 _a64 p. :
_billus. ;
_c22 cm.
650 0 _aMental illness.
908 _a141204
999 _c4960
_d4960